RYM: Top 100 Singles of All Time - Statistics

General Stats
  • This quiz has been taken 95 times
  • The average score is 33 of 100
Answer Stats
Artist Album % Correct
The Beach Boys Wouldn't It Be Nice / God Only Knows
85%
David Bowie "Heroes" / V-2 Schneider
74%
Radiohead Let Down / Karma Police
72%
Kate Bush Running Up That Hill / Under the Ivy
72%
The Smiths There Is a Light That Never Goes Out
64%
David Bowie Starman / Suffragette City
63%
David Bowie Life on Mars? / The Man Who Sold the World
61%
Radiohead Paranoid Android
61%
The Velvet Underground & Nico Sunday Morning / Femme Fatale
60%
Cocteau Twins Heaven or Las Vegas
57%
Talking Heads Once in a Lifetime / Seen and Not Seen
57%
The Beatles Penny Lane / Strawberry Fields Forever
57%
Television Marquee Moon
56%
Marvin Gaye What's Going On / God Is Love
56%
King Crimson Epitaph / 21st Century Schizoid Man
54%
The Jimi Hendrix Experience Voodoo Chile / Hey Joe / All Along the Watchtower
54%
Kanye West Runaway
53%
Radiohead How to Disappear Completely
51%
My Bloody Valentine When You Sleep
51%
The Smashing Pumpkins 1979
49%
Radiohead No Surprises
49%
The Jimi Hendrix Experience All Along the Watchtower / Long Hot Summer Night
47%
New Order Blue Monday / The Beach
47%
Tears for Fears Everybody Wants to Rule the World / Pharaohs
46%
Joy Division Love Will Tear Us Apart / These Days
46%
My Bloody Valentine Only Shallow
44%
Danny Brown Ain't It Funny / Worth It
43%
Depeche Mode Enjoy the Silence / Memphisto
43%
Radiohead Jigsaw Falling Into Place
42%
The Cure Just Like Heaven / Snow in Summer
42%
M.I.A. Paper Planes
42%
Pink Floyd Time / Us and Them
42%
The Beach Boys Good Vibrations / Let's Go Away for Awhile
40%
The Cure Disintegration / Plainsong
39%
Portishead Glory Box
39%
The Beach Boys God Only Knows / Caroline, No
39%
Kate Bush Wuthering Heights / Kite
39%
Kendrick Lamar Alright
38%
David Bowie Space Oddity / Wild Eyed Boy From Freecloud
38%
Kendrick Lamar The Blacker the Berry
38%
The Ronettes Be My Baby / Tedesco and Pitman
36%
Outkast B.O.B
36%
Björk Pagan Poetry
36%
The Avalanches Since I Left You
36%
Massive Attack Teardrop
35%
The Microphones The Moon
35%
The Beatles Something / Come Together
33%
Slowdive Alison
32%
Björk Jóga
32%
The Cure Pictures of You
32%
Sonic Youth Teenage Riot / Silver Rocket / Kissability
32%
Deftones Be Quiet and Drive (Far Away)
31%
The Smiths How Soon Is Now? / Well I Wonder
31%
Radiohead Idioteque
31%
Björk Hyperballad
29%
David Bowie Lazarus
29%
Gorillaz On Melancholy Hill
28%
The Smiths This Charming Man / Jeane
28%
LCD Soundsystem All My Friends
26%
Sufjan Stevens Fourth of July
26%
Joy Division Atmosphere / She's Lost Control
24%
Big Thief Simulation Swarm
24%
Beach House Space Song
24%
The Rolling Stones Gimme Shelter / Country Honk
22%
Interpol Obstacle 1
22%
Radiohead Reckoner
22%
Talking Heads The Great Curve / Born Under Punches (The Heat Goes On)
22%
Nas The World Is Yours
22%
Sam Cookie A Change Is Gonna Come
21%
Kate Bush Cloudbusting / Burning Bridge
21%
Spiritualized Ladies and Gentleman We Are Floating in Space / Come Together
21%
Carly Rae Jepsen Run Away With Me
21%
DJ Shadow Midnight In a Perfect World
19%
Mobb Deep Shook Ones Part I / Shook Ones Part II
19%
Björk Bachelorette
18%
New Order Bizarre Love Triangle
18%
Talking Heads This Must Be the Place (Naive Melody) / Moon Rocks
18%
JPEGMAFIA HAZARD DUTY PAY!
17%
Leonard Cohen Suzanne / Hey, That's No Way to Say Goodbye
17%
The Cure A Forest / Another Journey by Train
15%
Sun Kil Moon Carry Me Ohio
15%
Curtis Mayfield Move On Up / Beautiful Brother of Mine / Give It Up
15%
Arcade Fire Neighborhood #1 / My Buddy
15%
Ween Transdermal Celebration
15%
The Cure One Hundred Years / The Hanging Garden
14%
Portishead The Rip
14%
Talking Heads Born Under Punches (The Heat Goes On) / Cities
13%
Wu-Tang Clan C.R.E.A.M. (Cash Rules Everything Around Me) / Da Mystery of Chessboxin'
13%
Geto Boys Mind Playing Tricks on Me
10%
Kendrick Lamar The Heart Part 5
10%
New Order Ceremony / In a Lonely Place
8%
Talk Talk New Grass
8%
UGK Int'l Players Anthem (I Choose You)
7%
Nujabes Luv(sic) Part 3
7%
Elliott Smith Waltz #2 (XO)
7%
Death Grips Takyon (Death Yon)
6%
Otis Redding (Sittin' On) The Dock of the Bat / Sweet Lorene
3%
Nina Simone Sinnerman (Part One & Two)
1%
King Crimson The Court of the Crimson King (Parts 1 & 2)
1%
Björk Un titre de l'album Vespertine [Union]
0%
No matching quizzes found
Score Distribution
Percent of People with Each Score
Percentile by Number Answered
Your Score History
You have not taken this quiz